| 000 | 00411nam a2200145 4500 | ||
|---|---|---|---|
| 001 | 111618 | ||
| 003 | ES-MaACL | ||
| 007 | t| | ||
| 008 | 061121s1944 sp r ||||1| spa d | ||
| 100 | 1 |
_aNarbona, Vicente. _984934 |
|
| 245 | 1 | 4 |
_aLos grandes marinos espaƱoles / _cVicente Narbona. |
| 260 |
_aMadrid : _bEditora Nacional, _c1944. |
||
| 300 |
_a135 p. 6 map. ; _c21 cm. |
||
| 852 |
_aES-MaACL _jE-2182 _bR.23306 |
||
| 999 |
_c111618 _d111618 |
||